Online
Catalog

Mesopotamia / (Record no. 9851)

MARC details
000 -CABECERA
campo de control de longitud fija 00753cam a2200229 a 4500
001 - NÚMERO DE CONTROL
campo de control 000010092
005 - FECHA Y HORA DE LA ÚLTIMA TRANSACCIÓN
campo de control 20200929161835.0
008 - DATOS DE LONGITUD FIJA--INFORMACIÓN GENERAL
campo de control de longitud fija 800816s1980 ve 000 0 spa
040 ## - FUENTE DE LA CATALOGACIÓN
Centro catalogador/agencia de origen DO-SdBNP
Lengua de catalogación spa
Centro/agencia transcriptor DLC
Centro/agencia modificador BNPHU
082 ## - NÚMERO DE LA CLASIFICACIÓN DECIMAL DEWEY
Número de clasificación Ve862.44
Número de documento/Ítem CH545m
049 ## - FONDOS LOCALES (OCLC)
Fondos de biblioteca BNGR
100 1# - ENTRADA PRINCIPAL--NOMBRE DE PERSONA
Nombre de persona Chocron, Isaac,
Fechas asociadas al nombre 1932-
9 (RLIN) 25076
245 10 - MENCIÓN DE TÍTULO
Título Mesopotamia /
Mención de responsabilidad, etc. Isaac Chocron.
260 ## - PUBLICACIÓN, DISTRIBUCIÓN, ETC.
Lugar de publicación, distribución, etc. Caracas, Venezuela :
Nombre del editor, distribuidor, etc. Editorial Ateneo de Caracas,
Fecha de publicación, distribución, etc. 1980.
300 ## - DESCRIPCIÓN FÍSICA
Extensión 110 p. ;
-- 23 cm.
490 1# - MENCIÓN DE SERIE
Mención de serie Teatro venezolano contemporaneo
586 ## - NOTA DE PREMIOS
Nota de premios Premio Nacional de teatro, 1979
650 #4 - PUNTO DE ACCESO ADICIONAL DE MATERIA--TÉRMINO DE MATERIA
Término de materia o nombre geográfico como elemento de entrada Teatro venezolano
Subdivisión cronológica SIGLO XX
9 (RLIN) 5609
650 #4 - PUNTO DE ACCESO ADICIONAL DE MATERIA--TÉRMINO DE MATERIA
Término de materia o nombre geográfico como elemento de entrada Literatura venezolana
Subdivisión cronológica SIGLO XX
9 (RLIN) 9777
830 #0 - PUNTO DE ACCESO ADICIONAL DE SERIE-TÍTULO UNIFORME
Título uniforme Teatro venezolano contemporaneo.
9 (RLIN) 25077
910 ## - DATOS DE OPCIÓN DEL USUARIO (OCLC)
Datos de opción del usuario Catalogación por copia / LC
Holdings
Estado de retiro Estado de pérdida Restricciones de uso No para préstamo Código de colección Localización permanente Ubicación/localización actual Ubicación en estantería Fecha de adquisición Número de inventario Total de préstamos Signatura topográfica completa Código de barras Fecha visto por última vez Precio válido a partir de Tipo de ítem Koha
    Préstamo interno   Monografías: Libros y Folletos General General En catalogación 03.10.2009 LF1   Ve862.44 CH545m 10092-10 25.06.2020 25.06.2020 Préstamo interno

Powered by Koha